all serie A winners. - Statistics

General Stats
  • This quiz has been taken 10 times
  • The average score is 10 of 16
Answer Stats
Hint Answer % Correct
19 ac milan
100%
36 juventus
100%
2 lazio
100%
4 napoli
100%
7 torino
100%
1 cagliari
88%
9 genoa
88%
20 inter milan
88%
3 roma
88%
7 bologna
63%
1 sampdoria
50%
1 hellas verona
38%
7 pro vercelli
13%
1 casale
0%
2 florentina
0%
1 novese
0%
No matching quizzes found
Score Distribution
Percent of People with Each Score
Percentile by Number Answered
Your Score History
You have not taken this quiz